Trump Approval In Every State - Statistics

General Stats
  • This quiz has been taken 11 times
  • The average score is 27 of 51
Answer Stats
Approval Margin % State % Correct
-80.6 DC
100%
-45 Vermont
80%
-44 Hawaii
70%
-37 Illinois
70%
-43 Maryland
70%
-39 Rhode Island
70%
-36 Connecticut
60%
-37 Washington
60%
-13 Alaska
50%
-19 Arizona
50%
-31 California
50%
-30 Colorado
50%
-29 Delaware
50%
-9 Florida
50%
-23 Georgia
50%
+18 Idaho
50%
-14 Indiana
50%
-16 Iowa
50%
-12 Kansas
50%
-7 Kentucky
50%
-26 Maine
50%
-36 Massachusetts
50%
-20 Michigan
50%
-27 Minnesota
50%
-10 Missouri
50%
-1 Montana
50%
-9 Nebraska
50%
-20 Nevada
50%
-25 New Jersey
50%
-30 New Mexico
50%
-28 New York
50%
+5 North Dakota
50%
-18 Ohio
50%
+1 Oklahoma
50%
-33 Oregon
50%
-14 South Carolina
50%
-7 South Dakota
50%
+1 Tennessee
50%
-19 Texas
50%
-2 Utah
50%
-20 Virginia
50%
+15 West Virginia
50%
-24 Wisconsin
50%
+22 Wyoming
50%
-2 Alabama
40%
-1 Arkansas
40%
-9 Louisiana
40%
-9 Mississippi
40%
-23 New Hampshire
40%
-16 North Carolina
40%
-21 Pennsylvania
40%
No matching quizzes found
Score Distribution
Percent of People with Each Score
Percentile by Number Answered
Your Score History
You have not taken this quiz